书目信息 |
| 题名: |
建筑给水排水设计规范
|
|
| 作者: | ;上海市城乡建设和交通委员会 主编 | |
| 分册: | ||
| 出版信息: | 北京 中国计划出版社 2010.05 |
|
| 页数: | 250页 | |
| 开本: | 20cm | |
| 丛书名: | ||
| 单 册: | ||
| 中图分类: | TU991.03-65 | |
| 科图分类: | ||
| 主题词: | 给水工程:市政工程 , 城市供水系统 | |
| 电子资源: | ||
| ISBN: | ||
| 000 | 00727nam0 2200193 45 | |
| 001 | 1652723335 | |
| 005 | 20160509144301.60 | |
| 010 | @dCNY46.00 | |
| 100 | @a20000924d2010 km y0chiy0120 ea | |
| 101 | 0 | @achi |
| 200 | 1 | @a建筑给水排水设计规范@Ajian zhu gei shui pai shui she ji gui fan@f上海市城乡建设和交通委员会主编@Fshang hai shi cheng xiang jian she he jiao tong wei yuan hui zhu bian |
| 210 | @a北京@c中国计划出版社@d2010.05 | |
| 215 | @a250页@d20cm | |
| 606 | 0 | @a给水工程:市政工程 |
| 606 | 0 | @a城市供水系统 |
| 690 | @aTU991.03-65@v3 | |
| 711 | 02 | @a上海市城乡建设和交通委员会@Ashang hai shi cheng xiang jian she he jiao tong wei yuan hui@4主编 |
| 801 | @aCN@bPftUser@c20110221 | |
| 905 | @dTU991.03-65@eS247@b324137-141@f5 | |
| 建筑给水排水设计规范/上海市城乡建设和交通委员会主编.-北京:中国计划出版社,2010.05 |
| 250页;20cm |
| ISBN :CNY46.00 |
| ● |
| 相关链接 |
|
|
|
正题名:建筑给水排水设计规范
索取号:TU991.03-65/S247
 
预约/预借
| 序号 | 登录号 | 条形码 | 馆藏地/架位号 | 状态 | 备注 |
| 1 | 1238131 | 212381313 | 市政与环境工程学院资料室/ [索取号:TU991.03-65/S247] | 在馆 | |
| 2 | 1238132 | 212381322 | 市政与环境工程学院资料室/ [索取号:TU991.03-65/S247] | 在馆 | |
| 3 | 1238133 | 212381331 | 市政与环境工程学院资料室/ [索取号:TU991.03-65/S247] | 在馆 | |
| 4 | 1238134 | 212381340 | 市政与环境工程学院资料室/ [索取号:TU991.03-65/S247] | 在馆 | |
| 5 | 1238135 | 212381359 | 市政与环境工程学院资料室/ [索取号:TU991.03-65/S247] | 在馆 | |
| 6 | 1238136 | 212381368 | 市政与环境工程学院资料室/ [索取号:TU991.03-65/S247] | 在馆 | |
| 7 | 1238137 | 212381377 | 市政与环境工程学院资料室/ [索取号:TU991.03-65/S247] | 在馆 | |
| 8 | 1238138 | 212381386 | 市政与环境工程学院资料室/ [索取号:TU991.03-65/S247] | 在馆 | |
| 9 | 1238139 | 212381395 | 市政与环境工程学院资料室/ [索取号:TU991.03-65/S247] | 在馆 | |
| 10 | 1238140 | 212381402 | 市政与环境工程学院资料室/ [索取号:TU991.03-65/S247] | 在馆 |